000 00537cam a22002057a 4500
001 000878
003 armpunfd
005 20140612090623.0
008 011019e1975####xx#a##########000#0#und#d
040 _aarmpunfd
_carmpunfd
080 _a347.249 C 28
100 1 0 _a Catalano, Edmundo Fernando
245 1 0 _aCurso de derecho minero
260 _a Buenos Aires
_b Victor De Zavalia
_c1975
300 _a527p.
650 7 _a Derecho Minero
_2LEMB
650 7 _a Mineria
_2LEMB
942 _cLB
_2cdu
945 _aCatalis
_d2010-08-19
999 _c869
_d231373